000 00522nam a22001697a 4500
003 OSt
005 20260421040509.0
008 260421b |||||||| |||| 00| 0 eng d
020 _a971-8686-31-2
040 _aDWC- Main Lib.
_cOC
082 _aFil. 070.44 B198i 2001
100 _aBalgos, Cecile C.
245 _aInvestigating local government/
_cCecile C. Balgos
260 _aPhilippines :
_bPhilippine Center for Investigative Journalism,
_cc2001.
300 _a275 p.,
_c23 cm.
942 _2ddc
_cBK - FIL
_hFil.
_n0
999 _c9539
_d9539